000
00273nam a2200121Ia 4500
008
190216s9999||||xx |||||||||||||| ||und||
100
_a
Kuttikrishna Marar
245
0
_a
Nizhalattam
260
_b
Current Books
_c
1946
300
_a
102p
650
_a
Kavithkal
942
_c
BK
999
_c
23634
_d
23634